Every Country With Three or More Words - Statistics

General Stats
  • This quiz has been taken 68 times
  • The average score is 10 of 12
Answer Stats
Location Answer % Correct
Middle East United Arab Emirates
92%
Caribbean Saint Vincent and the Grenadines
90%
Africa Democratic Republic of the Congo
89%
Caribbean Saint Kitts and Nevis
87%
Caribbean Antigua and Barbuda
85%
Caribbean Trinidad and Tobago
85%
Oceania Papua New Guinea
84%
Europe Bosnia and Herzegovina
80%
Oceania Federated States of Micronesia
79%
Africa Republic of the Congo
79%
Africa Central African Republic
77%
Africa São Tomé and Príncipe
77%
No matching quizzes found
Score Distribution
Percent of People with Each Score
Percentile by Number Answered
Your Score History
You have not taken this quiz